000 00350 a2200157 4500
001 48350
020 _a8528101959
040 _cAnchieta - Bela Vista
100 _aMachado, Ana Maria
240 1 0 _aCom prazer e alegria
_lpor
245 1 0 _aCom prazer e alegria
300 _a24 p.
362 0 _a1988
650 4 _aLiteratura infantil
942 _cBK
999 _c48350
_d48350